000 00336 a2200145 4500
001 167319
020 _a
040 _cMagnum
100 _aSantos, Santa Marli Pires Dos (Org.)
240 1 0 _aO ludico na formacao do educador
_lpor
245 1 0 _aO ludico na formacao do educador
362 0 _a1899
697 _aENSINO
942 _cBK
999 _c167319
_d167319